Vybrané časti stavebno-technologickej prípravy stavieb

Saved in:
Bibliographic Details
Main Author: Bilka, Samuel (Author)
Other Authors: Antošová, Naďa (Thesis advisor)
Format: Manuscript Book
Language:Slovak
Published: 2024
Subjects:
Online Access:http://is.stuba.sk/zp/portal_zp.pl?podrobnosti=176261
https://opac.crzp.sk/?fn=detailBiblioForm&sid=AA0D9432EF6DE826CF171B4F11D3
Tags: Add Tag
No Tags, Be the first to tag this record!

MARC

LEADER 00000ntm a22000003a 4500
001 stuzp98530
003 SK-STU
005 20240909134626.1
007 ta
008 150427s2015----xo-----f-mn---000-0-slo-d
040 |a STU  |b slo 
041 0 |a slo 
100 1 |a Bilka, Samuel  |u 010270  |4 aut  |U SvF Stavebná fakulta  |T SvF Katedra technológie stavieb  |X 97589  |U V270  |Y 28  |7 97589 
242 0 1 |a Selected parts of construction and technological preparation of buildings  |y eng 
245 1 0 |a Vybrané časti stavebno-technologickej prípravy stavieb 
260 |c 2024 
650 4 |a Zariadenie staveniska  |2 slo 
650 4 |a Časový harmonogram  |2 slo 
650 4 |a Technologický predpis  |2 slo 
650 4 |a site equipment  |2 eng 
650 4 |a timetable  |2 eng 
650 4 |a technological regulation  |2 eng 
700 1 |a Antošová, Naďa  |u 010270  |k Z1  |4 ths  |U SvF Stavebná fakulta  |T SvF Katedra technológie stavieb  |X 3720  |U V270  |Y 28  |7 A000003720 
856 4 |u http://is.stuba.sk/zp/portal_zp.pl?podrobnosti=176261 
856 4 |u https://opac.crzp.sk/?fn=detailBiblioForm&sid=AA0D9432EF6DE826CF171B4F11D3